The English churches in a secular society : Lambeth, 1870-1930 /

Bibliographic Details
Main Author: Cox, Jeffrey
Format: Book
Language:English
Published: New York : Oxford University Press, 1982.
Subjects:

MARC

Tag First Indicator Second Indicator Subfields
LEADER 00000pam a2200000 a 4500
001 in00000096579
005 20150924084714.0
008 820127s1982 nyua b 00110 eng
010 |a  82002157  
020 |a 0195030192 :  |c $27.50 
035 |a (OCoLC)08170695 
035 |9 AAK8708AM 
040 |a DLC  |c DLC  |d TXA  |d UtOrBLW 
043 |a e-uk-en 
049 |a TXAM  |c [952239] 
050 0 0 |a BX5101  |b C64 1982 
082 0 |a 283/.42165  |2 19 
100 1 |a Cox, Jeffrey. 
245 1 4 |a The English churches in a secular society :  |b Lambeth, 1870-1930 /  |c Jeffrey Cox. 
264 1 |a New York :  |b Oxford University Press,  |c 1982. 
300 |a xii, 322 pages :  |b illustrations ;  |c 22 cm. 
336 |a text  |b txt  |2 rdacontent 
337 |a unmediated  |b n  |2 rdamedia 
338 |a volume  |b nc  |2 rdacarrier 
500 |a Includes index. 
504 |a Bibliography: pages [310]-[311]. 
610 2 0 |a Church of England  |x History. 
610 2 0 |a Church of England  |z England  |z Lambeth (London)  |x History. 
650 0 |a Christian sociology  |z England. 
650 0 |a Christian sociology  |z England  |z Lambeth (London) 
650 0 |a Dissenters, Religious  |z England  |x History. 
651 0 |a England  |x Church history. 
651 0 |a Lambeth (London, England)  |x Church history. 
651 0 |a London (England)  |x Church history. 
999 |a MARS 
999 f f |s 58f79db5-bc03-3075-b84c-25d62af8acbc  |i 81ed7ced-a3a3-396e-b450-1430e69e9cd2  |t 0 
952 f f |p ric  |a Texas A&M University  |b Rellis Campus  |c Joint Library Facility  |d Remote Storage  |t 0  |e BX5101 C64 1982  |h Library of Congress classification  |i unmediated -- volume  |m A14806038082 
998 f f |a BX5101 C64 1982  |t 0  |l Remote Storage